Second Largest Cities Quiz Stats

 Plays Quiz not verified by Sporcle

Challenge
Share
Tweet
Embed
Score 0/12 Timer 04:00
0 Plays Today
% Correct
Melbourne, Australia
92.4%
Ankara, Turkey
90.5%
Hanoi, Vietnam
88.6%
Kraków, Poland
83.8%
Porto, Portugal
80%
Gothenburg, Sweden
79%
Quito, Ecuador
75.2%
Yaoundé, Cameroon
65.7%
Aleppo, Syria
60%
Tel Aviv-Yafo, Israel
60%
Bandar Seri Begawan, Brunei
45.7%
Durban, South Africa
42.9%

You're not logged in!

Compare scores with friends on all Sporcle quizzes.
OR
Log In

You Might Also Like...

Show Comments

Extras

Top Quizzes Today


Score Distribution

Your Account Isn't Verified!

In order to create a playlist on Sporcle, you need to verify the email address you used during registration. Go to your Sporcle Settings to finish the process.

Report this User

Report this user for behavior that violates our Community Guidelines.

Details: